Rozpoznaj Zawodnika Po Jego Karierze - Statystyki

Ogólne statystyki
  • Ten quiz został rozwiązany 124 razy
  • Średni wynik to 6 z 10
Statystyki odpowiedzi
Drużyny Zawodnik % Poprawnych
AS Roma Totti
90%
FC Barcelona>Vissel Kobe Iniesta
88%
Sporting>FC Barcelona>Real Madryt>Inter Mediolan Figo
76%
FC Metz-Red Bull Salzburg>Southampton>Liverpool Mane
67%
Fluminense>Real Madryt Marcelo
64%
Bayern Monachium>Manchester United>Chicago Fire Schweinsteiger
64%
Sporting>Manchester United>Sporting>Fenerbahce>Valencia>Lazio>Sporting>Orlando City Nani
58%
Deportivo Saprissa>Albacete Balompie>Levante UD>Real Madryt>PSG Navas
53%
FC Sochaux-Montbeliard>Roeselare>Club Brugge>Borussia Dortmund>VFL Wolfsburg>Inter Mediolan >Bayern Monachium Perisić
45%
Indepiendente>Manchester United>Villarreal>Atletico Madryt>Inter Mediolan>Internacional>Cerezo Osaka>Penarol>Mumbai City>Kitchee Forlan
29%
Nie znaleziono quizów pasujących do podanych kryteriów
Rozkład punktacji
Procent ludzi z każdym wynikiem
Percentyl według liczby udzielonych odpowiedzi
Twoja historia wyników
Nie rozwiązałeś tego quizu